| Tag |
First Indicator |
Second Indicator |
Subfields |
| LEADER |
00000cam a2200000 4500 |
| 001 |
in00000051623 |
| 005 |
20151007072039.0 |
| 008 |
720629s1967 enka b 00000 eng u |
| 010 |
|
|
|a 67027837
|
| 035 |
|
|
|a (OCoLC)00344786
|
| 035 |
|
|
|9 AAE7135AM
|
| 040 |
|
|
|c OUN
|d TXA
|d UtOrBLW
|
| 049 |
|
|
|a TXAM
|c [476524]
|
| 050 |
|
0 |
|a QC807
|b .S75
|
| 082 |
0 |
|
|a 551
|
| 092 |
|
|
|a 551
|b S684, 1967
|
| 245 |
0 |
0 |
|a Solar-terrestrial physics /
|c edited by J. W. King and W. S. Newman.
|
| 264 |
|
1 |
|a London,
|a New York :
|b Academic P.,
|c 1967.
|
| 300 |
|
|
|a xii, 390 pages :
|b illustrations, tables, diagrams ;
|c 24 cm.
|
| 336 |
|
|
|a text
|b txt
|2 rdacontent
|
| 337 |
|
|
|a unmediated
|b n
|2 rdamedia
|
| 338 |
|
|
|a volume
|b nc
|2 rdacarrier
|
| 500 |
|
|
|a Papers presented at a symposium held in Belgrade, August 29-Sept. 2, 1966 sponsored by the International Scientific Radio Union, the International Astronomical Union, the International Union of Geodesy and Geophysics and the Committee on Space Research.
|
| 504 |
|
|
|a Includes bibliographies.
|
| 650 |
|
0 |
|a Geophysics.
|
| 651 |
|
0 |
|a Solar system.
|
| 700 |
1 |
|
|a King, J. W.
|q (Joseph William)
|
| 700 |
1 |
|
|a Newman, W. S.
|q (Wolfgang Simon)
|
| 710 |
2 |
|
|a International Scientific Radio Union.
|
| 999 |
|
|
|a MARS
|
| 999 |
f |
f |
|s 22910a11-5c0a-35e4-b92c-63f488aabb7d
|i c337cd62-e13a-3399-9fbd-1a8b6c8f45a6
|t 0
|
| 952 |
f |
f |
|p ric
|a Texas A&M University
|b Rellis Campus
|c Joint Library Facility
|d Remote Storage
|t 0
|e QC807 .S75
|h Library of Congress classification
|i unmediated -- volume
|m A14800950121
|
| 998 |
f |
f |
|a QC807 .S75
|t 0
|l Remote Storage
|